书目信息 |
| 题名: |
劳动创造美好生活
|
|
| 作者: | 张文胜 , 彭勇军 , 柴全喜 主编 | |
| 分册: | ||
| 出版信息: | 镇江 江苏大学出版社 2020.07 |
|
| 页数: | 159页 | |
| 开本: | 26cm | |
| 丛书名: | ||
| 单 册: | ||
| 中图分类: | G40-015 | |
| 科图分类: | ||
| 主题词: | 劳动教育--教材 | |
| 电子资源: | ||
| ISBN: | 978-7-5684-1388-6 | |
| 000 | 01226nam0 2200277 450 | |
| 001 | 0102100443 | |
| 005 | 20210402100825.0 | |
| 010 | @a978-7-5684-1388-6@dCNY39.80 | |
| 100 | @a20200926d2020 em y0chiy50 ea | |
| 101 | 0 | @achi |
| 102 | @aCN@b320000 | |
| 105 | @aak z 000yy | |
| 106 | @ar | |
| 200 | 1 | @a劳动创造美好生活@Alao dong chuang zao mei hao sheng huo@e新时代劳动教育教程@f张文胜, 彭勇军, 柴全喜主编 |
| 210 | @a镇江@c江苏大学出版社@d2020.07 | |
| 215 | @a159页@c图@d26cm | |
| 300 | @a创新型素质教育精品教材“互联网+教育”新形态教材 | |
| 330 | @a本书以《中共中央国务院关于全面加强新时代大中小学劳动教育的意见》为指导,强调劳动教育的思想性,引导学生树立正确的劳动观,使学生崇尚劳动、尊重劳动、热爱劳动;通过理论结合实践的方式开展劳动教育活动,帮助学生在劳动中接受锻炼、磨炼意志,树立正确的就业观,增强职业荣誉感,提高职业技能水平,培育精益求精的工匠精神和爱岗敬业的劳动态度。 | |
| 517 | 1 | @a新时代劳动教育教程@Axin shi dai lao dong jiao yu jiao cheng |
| 606 | 0 | @a劳动教育@j教材 |
| 690 | @aG40-015@v5 | |
| 701 | 0 | @a张文胜@Azhang wen sheng@4主编 |
| 701 | 0 | @a彭勇军@Apeng yong jun@4主编 |
| 701 | 0 | @a柴全喜@Achai quan xi@4主编 |
| 801 | 0 | @aCN@bBJSZM@c20210402 |
| 905 | @b1279498-502@dG40-015@e1227@f5 | |
| 劳动创造美好生活:新时代劳动教育教程/张文胜, 彭勇军, 柴全喜主编.-镇江:江苏大学出版社,2020.07 |
| 159页:图;26cm |
| 创新型素质教育精品教材“互联网+教育”新形态教材 |
| ISBN 978-7-5684-1388-6:CNY39.80 |
| 本书以《中共中央国务院关于全面加强新时代大中小学劳动教育的意见》为指导,强调劳动教育的思想性,引导学生树立正确的劳动观,使学生崇尚劳动、尊重劳动、热爱劳动;通过理论结合实践的方式开展劳动教育活动,帮助学生在劳动中接受锻炼、磨炼意志,树立正确的就业观,增强职业荣誉感,提高职业技能水平,培育精益求精的工匠精神和爱岗敬业的劳动态度。 |
| ● |
| 相关链接 |
|
|
|
|
正题名:劳动创造美好生活
索取号:G40-015/1227
 
预约/预借
| 序号 | 登录号 | 条形码 | 馆藏地/架位号 | 状态 | 备注 |
| 1 | 1279498 | 212794984 | 第一样本阅览室/ [索取号:G40-015/1227] | 在馆 | |
| 2 | 1279499 | 212794993 | 教育系资料室/ [索取号:G40-015/1227] | 在馆 | |
| 3 | 1279500 | 212795000 | 教育系资料室/ [索取号:G40-015/1227] | 在馆 | |
| 4 | 1279501 | 212795019 | 第四借阅区/ [索取号:G40-015/1227] | 在馆 | |
| 5 | 1279502 | 212795028 | 第四借阅区/ [索取号:G40-015/1227] | 在馆 |